00534cam a22002171 4500001001300000003000400013005001700017008004100034010001700075035002000092040001800112042001200130050001600142100004100158245004400199260001100243300001700254500001500271650001300286999001700299sa 68014197 DLC20260227112629.0890415s1968 xx 000 0 hino  asa 68014197  a(OCoLC)23544583 aDLCcMiUdDLC apremarc00aHB701b.S481 aSiddiqi, Muhammad Nejatullah,d1931-10aIslām kā nażariyyah-yi milkiyyat. c[1968] a2 v.c22 cm. aRomanized. 0aProperty c85610d85610